TEXTBOOK OF ORTHOPAEDICS AND TRAUMATOLOGY (Record no. 14162)

MARC details
000 -LEADER
fixed length control field 00279nam a22001217a 4500
003 - CONTROL NUMBER IDENTIFIER
control field SGT
082 ## - DEWEY DECIMAL CLASSIFICATION NUMBER
Classification number 617.3
Item number O99N
100 ## - MAIN ENTRY--PERSONAL NAME
Personal name NATARAJAN ,M
245 ## - TITLE STATEMENT
Title TEXTBOOK OF ORTHOPAEDICS AND TRAUMATOLOGY
260 ## - PUBLICATION, DISTRIBUTION, ETC. (IMPRINT)
Place of publication, distribution, etc CHENNAI
Name of publisher, distributor, etc MN ORTHO HOSPITAL
Year of Publication 1999
300 ## - PAGE DESCRIPTION
No. of Pages 328
942 ## - ADDED ENTRY ELEMENTS (KOHA)
Source of classification or shelving scheme Dewey Decimal Classification
Koha item type Books
Holdings
Withdrawn status Lost status Source of classification or shelving scheme Damaged status Not for loan Collection code Home library Current library Shelving location Date acquired Vendor Name SGTU Total Checkouts Full call number Accession No. (Barcode) Date last seen Bill Date Koha item type
    Dewey Decimal Classification     MEDICAL SGT Medical Library SGT Medical Library Text Book 22/12/2017 ABC DELHI SGTU   617.3 O99N FM9060 22/12/2017 22/12/2017 Books